000 00367nam a22001457a 4500
020 _qHB.
040 _cFIZZA ISHAQ
082 _a342.7306
_bLIE
100 _aCARTER,H.LIEF.
_9132422
245 _aADMINISTRATIVE LAW AND POLITICS /
_cLIEF H.CARTER.
250 _a3RD ED.
260 _aNEW YORK;
_bLONGMAN,
_c2000.
300 _a660 P. ;
_c9.4X7.4IN
942 _2ddc
_cBK
999 _c615610
_d615610